000 01183cam a22002054a 4500
005 20250605163216.0
008 250528s ||||||||||||||||||||||||d
035 _a14510
020 _a9603443999
040 _aGR-AtMCL
_bgre
_dGR-AtMCL
_eAACR2
245 1 _aΘεωρίες Προσωπικότητας και Κλινική Πρακτική / Γ' Έκδοση
250 _a
260 _bΕλληνικά Γράμματα,
_c1999
300 _a376
520 _aΠρόλογος, Εισαγωγή στις Θεωρίες Προσωπικότητας, Η Ψυχαναλυτική Προσέγγιση, Θεωρίες Μάθησης: Η Συμπεριφοριστική Προσέγγιση, Η Θεωρία των Προσωπικών Ερμηνευτικών Κατασκευασμάτων του G. Kelly, Η Προσωποκεντρική Προσέγγιση του C. Rogers, Θεωρίες των Χαρακτηριστικών της Προσωπικότητας, Η Γνωστική Προσέγγιση των Θεωριών Προσωπικότητας.
700 1 _aΠοταμιάνος Γρηγόρης Α
942 _cBK
999 _c139
_d139